Lethal spice / (Record no. 90128)

MARC details
000 -LEADER
fixed length control field 00497nam a22001817a 4500
005 - DATE AND TIME OF LATEST TRANSACTION
control field 20141125114240.0
010 ## - LCCN (DPL NO)
LC control number ENG-111277
020 ## - INTERNATIONAL STANDARD BOOK NUMBER
International Standard Book Number 9789350097694
Terms of availability 350.00
035 ## - SYSTEM CONTROL NUMBER
System control number EN-94808
037 ## - SOURCE OF ACQUISITION
Source of stock number/acquisition DBAD/PUB
082 ## - DEWEY DECIMAL CLASSIFICATION NUMBER
Classification number N
100 ## - MAIN ENTRY--PERSONAL NAME
Personal name Kaushal, Swati
245 ## - TITLE STATEMENT
Title Lethal spice /
Statement of responsibility, etc by Swati Kaushal
260 ## - PUBLICATION, DISTRIBUTION, ETC. (IMPRINT)
Place of publication, distribution, etc Gurgaon
Name of publisher, distributor, etc Hachette Book Publishing
Date of publication, distribution, etc 2014
270 ## - ADDRESS
Address 4th/5th Floors, Corporate Center, Sec. 44
City Gurgaon
Postal code 122003
300 ## - PHYSICAL DESCRIPTION
Extent 325p.
Dimensions 22cm(pbk)
942 ## - ADDED ENTRY ELEMENTS (KOHA)
Source of classification or shelving scheme Dewey Decimal Classification
Item type English Books
Call number suffix KAU
Classification part N
Holdings
Withdrawn status Lost status Not for loan Collection code Home library Current library Date acquired Source of acquisition Cost, normal purchase price Full call number Barcode Copy number Cost, replacement price Koha item type
    Not For Loan Fiction D.B.Act.Division D.B.Act.Division 18/11/2014 DBAD/PUB 350.00 N KAU EN94809 1 350.00 English Books

© Delhi Public Library
Hit Counter
free hit counter